Stranger Things S4 (vol.1) - Statistics

General Stats
  • This quiz has been taken 262 times
  • The average score is 7 of 10
Answer Stats
Question Answer % Correct
Quel est le nom donné par Dustin au méchant Vecna
100%
Comment s'appelle le chef du Hellfire Club Eddie
91%
Quel est le nom réel de 001 Henry Creel
89%
Quel est le nom du projet qui doit rendre à Eleven ses pouvoirs Nina
86%
Où habitent Will,Eleven,Jonathan et Joyce Lenora Hills
77%
Quel est le nom de la marque de beurre de cacahuète que transporte Yuri Jif
71%
Dans quelle région se trouve Hopper Kamtchatka
64%
Quel numéro de maillot porte Lucas 8
59%
Quel âge a Erica Sinclair 11
58%
Quel est le titre du 6ème épisode Le plongeon
29%
No matching quizzes found
Score Distribution
Percent of People with Each Score
Percentile by Number Answered
Your Score History
You have not taken this quiz